| 000 | 01337nam a2200301 a 4500 | ||
|---|---|---|---|
| 001 | ebr10442968 | ||
| 003 | CaPaEBR | ||
| 006 | m u | ||
| 007 | cr cn||||||||| | ||
| 008 | 110223s2009 enka s 001 0 eng d | ||
| 020 | _z9781847196309 | ||
| 020 | _z9781847196316 (e-book) | ||
| 040 |
_aCaPaEBR _cCaPaEBR |
||
| 035 | _a(OCoLC)560656135 | ||
| 050 | 1 | 4 |
_aQA76.9.C55 _bO94 2009eb |
| 100 | 1 | _aOverton, David. | |
| 245 | 1 | 0 |
_aSmall business server 2008 _h[electronic resource] : _binstallation, migration, and configuration : set up and run your small business server making it deliver big business impact / _cDavid Overton. |
| 260 |
_aBirmingham, U.K. : _bPackt Pub., _c2009. |
||
| 300 |
_avii, 387 p. : _bill. (some col.) |
||
| 500 | _aIncludes index. | ||
| 533 |
_aElectronic reproduction. _bPalo Alto, Calif. : _cebrary, _d2011. _nAvailable via World Wide Web. _nAccess may be limited to ebrary affiliated libraries. |
||
| 630 | 0 | 0 |
_aMicrosoft Small business server _vHandbooks, manuals, etc. |
| 650 | 0 |
_aClient/server computing _vHandbooks, manuals, etc. |
|
| 650 | 0 |
_aSystems migration _vHandbooks, manuals, etc. |
|
| 655 | 7 |
_aElectronic books. _2local |
|
| 710 | 2 | _aebrary, Inc. | |
| 856 | 4 | 0 |
_uhttp://site.ebrary.com/lib/rucke/Doc?id=10442968 _zAn electronic book accessible through the World Wide Web; click to view |
| 999 |
_c246296 _d246296 |
||